О профилактике остеохондроза; Молодой ученый; № 10 (90)

Podrobná bibliografie
Parent link:Молодой ученый: ежемесячный научный журнал.— , 2008-
№ 10 (90).— 2015.— [С. 470-471]
Hlavní autor: Шабалин Р. В. Роман Викторович
Korporativní autor: Национальный исследовательский Томский политехнический университет (ТПУ) Институт неразрушающего контроля (ИНК) Кафедра иностранных языков Института неразрушающего контроля (ИЯНК)
Další autoři: Куимова М. В. Марина Валерьевна
Shrnutí:Заглавие с экрана
Jazyk:ruština
Vydáno: 2015
Témata:
On-line přístup:http://www.moluch.ru/archive/90/19179/
Médium: MixedMaterials Elektronický zdroj Kapitola
KOHA link:https://koha.lib.tpu.ru/cgi-bin/koha/opac-detail.pl?biblionumber=642087

MARC

LEADER 00000nla0a2200000 4500
001 642087
005 20250123134334.0
035 |a (RuTPU)RU\TPU\network\7026 
090 |a 642087 
100 |a 20150615d2015 k||y0rusy50 ca 
101 0 |a rus 
102 |a RU 
135 |a drcn ---uucaa 
181 0 |a i  
182 0 |a b 
200 1 |a О профилактике остеохондроза  |f Р. В. Шабалин, М. В. Куимова 
203 |a Текст  |c электронный 
300 |a Заглавие с экрана 
320 |a [Библиогр.: с. 471 (6 назв.)] 
461 |t Молодой ученый  |o ежемесячный научный журнал  |d 2008- 
463 |t № 10 (90)  |v [С. 470-471]  |d 2015 
610 1 |a электронный ресурс 
610 1 |a труды учёных ТПУ 
700 1 |a Шабалин  |b Р. В.  |g Роман Викторович 
701 1 |a Куимова  |b М. В.  |c лингвист  |c заведующий кафедрой Томского политехнического университета, кандидат педагогических наук  |f 1976-  |g Марина Валерьевна  |3 (RuTPU)RU\TPU\pers\27886  |9 12902 
712 0 2 |a Национальный исследовательский Томский политехнический университет (ТПУ)  |b Институт неразрушающего контроля (ИНК)  |b Кафедра иностранных языков Института неразрушающего контроля (ИЯНК)  |3 (RuTPU)RU\TPU\col\18721 
801 2 |a RU  |b 63413507  |c 20150615  |g RCR 
856 4 0 |u http://www.moluch.ru/archive/90/19179/ 
942 |c CF